[Event "HUN-chT2 Toth 2223"]
[Site "Hungary"]
[Date "2023.02.04"]
[Round "6.8"]
[White "Kovacs, Laszlo"]
[Black "Gurzo, Bence Bendeguz"]
[Result "1-0"]
[WhiteElo "1871"]
[BlackElo "1608"]
[PlyCount "55"]
[EventDate "2022.10.16"]
[EventType "team-tourn"]
[EventRounds "11"]
[EventCountry "HUN"]
[SourceTitle "EXT 2025"]
[Source "ChessBase"]
[SourceDate "2024.10.14"]
[SourceVersion "1"]
[SourceVersionDate "2024.10.14"]
[SourceQuality "1"]
[WhiteTeam "Kecskemet Takisz"]
[BlackTeam "Gyula"]
[WhiteTeamCountry "HUN"]
[BlackTeamCountry "HUN"]

1. e4 c6 2. d4 g6 3. Nc3 d5 4. e5 h5 5. h3 Bf5 6. Bd3 Bxd3 7. Qxd3 e6 8. Be3 Nd7 9. 0-0-0 Ne7 10. Bg5 Qa5 11. f4 b5 12. Kb1 Nb6 13. Nf3 Nc4 14. Nd2 Nf5 15. Nb3 Qb6 16. Rde1 c5 17. dxc5 Bxc5 18. Nxd5 exd5 19. Qxd5 Rc8 20. e6 0-0 21. exf7+ Rxf7 22. Re6 Nfe3 23. Qe4 Qb7 24. Rxg6+ Kh7 25. Rh6+ Kg8 26. Qg6+ Rg7 27. Qe6+ Rf7 28. Bf6 1-0

[Event "HUN-chT2 Toth 2223"]
[Site "Hungary"]
[Date "2022.11.20"]
[Round "3.9"]
[White "Kovacs, Laszlo"]
[Black "Vaczi, Sandor"]
[Result "0-1"]
[WhiteElo "1892"]
[BlackElo "1828"]
[PlyCount "56"]
[EventDate "2022.10.16"]
[EventType "team-tourn"]
[EventRounds "11"]
[EventCountry "HUN"]
[SourceTitle "EXT 2025"]
[Source "ChessBase"]
[SourceDate "2024.10.14"]
[SourceVersion "1"]
[SourceVersionDate "2024.10.14"]
[SourceQuality "1"]
[WhiteTeam "Kecskemet Takisz"]
[BlackTeam "Oroshaza SE"]
[WhiteTeamCountry "HUN"]
[BlackTeamCountry "HUN"]

1. e4 c5 2. Nf3 a6 3. c4 Nc6 4. d4 cxd4 5. Nxd4 Qb6 6. Nf3 d6 7. h3 Nf6 8. Nc3 e6 9. Be2 Be7 10. 0-0 0-0 11. a3 Rd8 12. b4 Ne5 13. Be3 Nxf3+ 14. Bxf3 Qc7 15. Na4 Nd7 16. Rc1 b6 17. Re1 Bb7 18. Bd4 Bg5 19. Be3 Bxe3 20. Rxe3 Ne5 21. Be2 Rac8 22. Nb2 b5 23. Qd4 Nxc4 24. Nxc4 d5 25. exd5 exd5 26. Qh4 bxc4 27. Qd4 Re8 28. Rcc3 Re6 0-1

[Event "HUN-chT2 Toth 2223"]
[Site "Hungary"]
[Date "2022.10.29"]
[Round "2.7"]
[White "Hajdu, Istvan"]
[Black "Kovacs, Laszlo"]
[Result "1/2-1/2"]
[WhiteElo "1797"]
[BlackElo "1892"]
[PlyCount "50"]
[EventDate "2022.10.16"]
[EventType "team-tourn"]
[EventRounds "11"]
[EventCountry "HUN"]
[SourceTitle "EXT 2025"]
[Source "ChessBase"]
[SourceDate "2024.10.14"]
[SourceVersion "1"]
[SourceVersionDate "2024.10.14"]
[SourceQuality "1"]
[WhiteTeam "Szentes Integral"]
[BlackTeam "Kecskemet Takisz"]
[WhiteTeamCountry "HUN"]
[BlackTeamCountry "HUN"]

1. e4 c5 2. Nf3 d6 3. d4 cxd4 4. Nxd4 Nf6 5. Nc3 a6 6. Be2 e6 7. 0-0 Be7 8. a4 Nc6 9. Be3 Bd7 10. f4 Qc7 11. Nb3 Rc8 12. Bf3 0-0 13. Qe1 Nb4 14. Qf2 Rfe8 15. g4 Bc6 16. g5 Nd7 17. Nd4 Bf8 18. h4 Nc5 19. Nxc6 Qxc6 20. f5 Qc7 21. fxe6 fxe6 22. h5 Qe7 23. Qg2 Nc6 24. Rf2 Ne5 25. Be2 Ncd7 1/2-1/2

[Event "HUN-chT2 Toth 2122"]
[Site "Hungary"]
[Date "2022.02.13"]
[Round "6.9"]
[White "Biro, Istvan1"]
[Black "Kovacs, Laszlo"]
[Result "1/2-1/2"]
[WhiteElo "1978"]
[BlackElo "1925"]
[PlyCount "73"]
[EventDate "2021.10.10"]
[EventType "team-tourn"]
[EventRounds "9"]
[EventCountry "HUN"]
[SourceTitle "EXT 2025"]
[Source "ChessBase"]
[SourceDate "2024.10.14"]
[SourceVersion "1"]
[SourceVersionDate "2024.10.14"]
[SourceQuality "1"]
[WhiteTeam "Oroshaza SE"]
[BlackTeam "Kecskemet Takisz"]
[WhiteTeamCountry "HUN"]
[BlackTeamCountry "HUN"]

1. d4 d5 2. c4 e6 3. Nc3 Nf6 4. cxd5 exd5 5. Bg5 Be7 6. e3 0-0 7. Bd3 h6 8. Bh4 Nbd7 9. Nge2 c6 10. f3 Nh5 11. Bf2 Bh4 12. g3 Be7 13. g4 Nhf6 14. h4 Ne8 15. g5 h5 16. f4 g6 17. f5 gxf5 18. Ng3 Ng7 19. Nxf5 Nb6 20. Nh6+ Kh8 21. Bc2 f5 22. Qf3 Be6 23. Bg3 Bd6 24. Ne2 Nc4 25. 0-0-0 Bxg3 26. Qxg3 Qd6 27. Nf4 Bd7 28. Qf3 Be8 29. Rhg1 Bg6 30. Rg2 Rae8 31. Re1 Kh7 32. Rge2 b5 33. Nd3 Re4 34. Nf4 Ree8 35. Nd3 Re4 36. Nf4 Ree8 37. Nd3 1/2-1/2

[Event "HUN-chT2 Barcza 2122"]
[Site "Hungary"]
[Date "2021.12.05"]
[Round "3.7"]
[White "Kovacs, Laszlo"]
[Black "Ladanyi, Tibor"]
[Result "0-1"]
[WhiteElo "1529"]
[BlackElo "2121"]
[PlyCount "54"]
[EventDate "2021.10.10"]
[EventType "team-tourn"]
[EventRounds "9"]
[EventCountry "HUN"]
[SourceTitle "EXT 2025"]
[Source "ChessBase"]
[SourceDate "2024.10.14"]
[SourceVersion "1"]
[SourceVersionDate "2024.10.14"]
[SourceQuality "1"]
[WhiteTeam "Debrecen Sakkiskola II"]
[BlackTeam "Edelenyi VSE"]
[WhiteTeamCountry "HUN"]
[BlackTeamCountry "HUN"]

1. e4 c5 2. Nf3 Nc6 3. g3 g6 4. Bg2 Bg7 5. 0-0 d6 6. d3 e6 7. Nc3 Nge7 8. Be3 Nd4 9. Qd2 h6 10. Nd1 Bd7 11. Bxd4 cxd4 12. Qb4 Qb6 13. Qxb6 axb6 14. Nd2 b5 15. f4 Nc6 16. c3 Ke7 17. Nf3 dxc3 18. bxc3 b4 19. e5 dxe5 20. fxe5 Nxe5 21. Nxe5 Bxe5 22. Rc1 Rxa2 23. cxb4 Rc8 24. Rxc8 Bxc8 25. Ne3 Bd4 26. Re1 Rb2 27. Kf1 Bxe3 0-1

[Event "HUN-chT2 Toth 2122"]
[Site "Hungary"]
[Date "2021.10.31"]
[Round "2.9"]
[White "Kovacs, Laszlo"]
[Black "Balatoni, Gyorgy"]
[Result "1/2-1/2"]
[WhiteElo "1938"]
[BlackElo "1675"]
[PlyCount "22"]
[EventDate "2021.10.10"]
[EventType "team-tourn"]
[EventRounds "9"]
[EventCountry "HUN"]
[SourceTitle "EXT 2025"]
[Source "ChessBase"]
[SourceDate "2024.10.14"]
[SourceVersion "1"]
[SourceVersionDate "2024.10.14"]
[SourceQuality "1"]
[WhiteTeam "Kecskemet Takisz"]
[BlackTeam "Szentes Integral"]
[WhiteTeamCountry "HUN"]
[BlackTeamCountry "HUN"]

1. e4 c6 2. d4 d5 3. Nc3 dxe4 4. Nxe4 Nd7 5. Bc4 Ngf6 6. Ng5 e6 7. Qe2 Nb6 8. c3 Nxc4 9. Qxc4 h6 10. N5f3 Qd5 11. Qxd5 cxd5 1/2-1/2

[Event "Budapest Art Pub op 9th"]
[Site "Budapest"]
[Date "2015.11.21"]
[Round "4"]
[White "Fodor, Kornel"]
[Black "Kovacs, Laszlo"]
[Result "1-0"]
[WhiteElo "1731"]
[BlackElo "1547"]
[PlyCount "67"]
[EventDate "2015.11.20"]
[EventType "swiss"]
[EventRounds "6"]
[EventCountry "HUN"]
[SourceTitle "CBM 169 Extra"]
[Source "ChessBase"]
[SourceDate "2015.12.18"]
[SourceVersion "1"]
[SourceVersionDate "2015.12.18"]
[SourceQuality "1"]

1. e4 e6 2. d3 c5 3. Nf3 Nc6 4. Nbd2 Qc7 5. g3 d5 6. Bg2 d4 7. 0-0 Nf6 8. Re1 e5 9. Nf1 Bg4 10. Bg5 Be7 11. a3 h5 12. c3 Nh7 13. Bxe7 Qxe7 14. cxd4 Nxd4 15. h3 Nxf3+ 16. Bxf3 Bxh3 17. Bxh5 Qd7 18. Ne3 Nf6 19. Bf3 0-0-0 20. Rc1 Kb8 21. Rxc5 Qd6 22. Rc3 Be6 23. Qd2 g6 24. Rec1 Rc8 25. Rxc8+ Rxc8 26. Rxc8+ Bxc8 27. Nc4 Qd4 28. Qc3 Nd7 29. Qxd4 exd4 30. Kf1 Kc7 31. Bg4 Nb6 32. Bxc8 Nxc4 33. dxc4 Kxc8 34. Ke2 1-0

[Event "HUN-chT2 Toth 1415"]
[Site "Hungary"]
[Date "2015.01.25"]
[Round "7"]
[White "Kovacs, Laszlo"]
[Black "Puha, Peter"]
[Result "1/2-1/2"]
[WhiteElo "1881"]
[BlackElo "1946"]
[PlyCount "137"]
[EventDate "2014.09.07"]
[EventType "team-tourn"]
[EventRounds "11"]
[EventCountry "HUN"]
[SourceTitle "EXT 2016"]
[Source "ChessBase"]
[SourceDate "2015.10.08"]
[SourceVersion "1"]
[SourceVersionDate "2015.10.08"]
[SourceQuality "1"]
[WhiteTeam "Felegyhaza Csongrad"]
[BlackTeam "Karcag"]
[WhiteTeamCountry "HUN"]
[BlackTeamCountry "HUN"]

1. Nf3 d5 2. e3 Nf6 3. d4 c6 4. c4 Nbd7 5. a3 Ne4 6. cxd5 cxd5 7. Bd3 Ndf6 8. Ne5 e6 9. 0-0 Be7 10. Qa4+ Kf8 11. Nd2 Nd6 12. b4 Nd7 13. Qc2 Nxe5 14. dxe5 Ne8 15. Bb2 Bd7 16. Rac1 f5 17. Bd4 Kf7 18. Qb3 g6 19. Rc2 h5 20. f4 h4 21. Nf3 h3 22. gxh3 Rxh3 23. Rg2 b6 24. Ng5+ Bxg5 25. Rxg5 Nc7 26. a4 b5 27. a5 Na6 28. Rb1 Qe7 29. Bf1 Rh6 30. Rb2 Bc6 31. Bc5 Nxc5 32. bxc5 a6 33. Qc3 Rc8 34. Rc2 Qb7 35. Qd4 Qe7 36. Rgg2 Qa7 37. Rgd2 Qc7 38. Ra2 Rhh8 39. Rg2 Qe7 40. Rgf2 Ba8 41. Rfc2 Rc6 42. Rc3 Rhc8 43. Rac2 R8c7 44. Bg2 Bb7 45. Bf1 Rc8 46. Bg2 Qd8 47. Qb4 R8c7 48. Qd4 Kg8 49. e4 fxe4 50. Bxe4 Rg7 51. Bg2 Qxa5 52. Qd1 Qc7 53. Qg4 Ba8 54. Qg5 b4 55. Rh3 Rxc5 56. Rxc5 Qxc5+ 57. Kf1 Qe7 58. Qh6 Qf8 59. Ke1 a5 60. Kd2 a4 61. Bf1 b3 62. Qh8+ Kf7 63. Qxf8+ Kxf8 64. Rh8+ Rg8 65. Rh7 Rg7 66. Rh8+ Rg8 67. Rh7 Rg7 68. Rh8+ Rg8 69. Rh7 1/2-1/2

[Event "HUN-chT2 Toth 1415"]
[Site "Hungary"]
[Date "2014.10.12"]
[Round "3.8"]
[White "Balazs Szalai, Renata"]
[Black "Kovacs, Laszlo"]
[Result "1/2-1/2"]
[WhiteElo "1898"]
[BlackElo "1881"]
[PlyCount "90"]
[EventDate "2014.09.07"]
[EventType "team-tourn"]
[EventRounds "11"]
[EventCountry "HUN"]
[SourceTitle "EXT 2016"]
[Source "ChessBase"]
[SourceDate "2015.10.08"]
[SourceVersion "1"]
[SourceVersionDate "2015.10.08"]
[SourceQuality "1"]
[WhiteTeam "Szentes"]
[BlackTeam "Felegyhaza Csongrad"]
[WhiteTeamCountry "HUN"]
[BlackTeamCountry "HUN"]

1. d4 Nf6 2. Nf3 e6 3. Bf4 d5 4. e3 Bd6 5. Bg3 Ne4 6. Bd3 0-0 7. 0-0 Nc6 8. c3 Nxg3 9. hxg3 e5 10. dxe5 Nxe5 11. Nxe5 Bxe5 12. Bxh7+ Kxh7 13. Qh5+ Kg8 14. Qxe5 c6 15. Qd4 Re8 16. Rd1 Qb6 17. Qxb6 axb6 18. Nd2 Be6 19. Nf3 Bg4 20. Rd4 Bxf3 21. gxf3 g6 22. a3 Kg7 23. Kg2 Rh8 24. Rh1 Rxh1 25. Kxh1 Re8 26. Kg2 b5 27. e4 dxe4 28. fxe4 Re7 29. f3 Kf6 30. Kf2 Ke6 31. f4 Re8 32. Rd3 Rh8 33. Kg2 Ra8 34. e5 Rg8 35. Rd6+ Ke7 36. g4 Rh8 37. Rd3 Rh4 38. Kg3 Rh1 39. Rd2 Rg1+ 40. Rg2 Rf1 41. Rf2 Rh1 42. f5 gxf5 43. gxf5 Re1 44. Kf4 Rb1 45. Re2 Rf1+ 1/2-1/2

[Event "HUN-chT2 Barcza 1415"]
[Site "Hungary"]
[Date "2014.10.12"]
[Round "?"]
[White "Kovacs, Laszlo"]
[Black "Kantor, Attila"]
[Result "1-0"]
[WhiteElo "2042"]
[BlackElo "1853"]
[PlyCount "71"]
[EventDate "2014.09.07"]
[EventType "team-tourn"]
[EventRounds "11"]
[EventCountry "HUN"]
[SourceTitle "EXT 2016"]
[Source "ChessBase"]
[SourceDate "2015.10.08"]
[SourceVersion "1"]
[SourceVersionDate "2015.10.08"]
[SourceQuality "1"]
[WhiteTeam "Debrecen Sakkiskola"]
[BlackTeam "Mezokovesd"]
[WhiteTeamCountry "HUN"]
[BlackTeamCountry "HUN"]

1. Nf3 d5 2. c4 Nf6 3. g3 c6 4. Bg2 Bf5 5. 0-0 e6 6. d4 Bd6 7. Nc3 h6 8. Nd2 Bh7 9. e4 dxe4 10. Ndxe4 Bc7 11. Nxf6+ Qxf6 12. Qb3 b6 13. d5 0-0 14. dxc6 Na6 15. Be3 Be5 16. Rfd1 Bxc3 17. bxc3 Nc7 18. Rd7 Rfc8 19. Rad1 e5 20. c5 b5 21. R1d6 Qf5 22. Be4 Qh5 23. Bxh7+ Kxh7 24. Qxf7 Qxf7 25. Rxf7 Kg8 26. Rdd7 Ne8 27. Rxa7 Rxa7 28. Rxa7 Rxc6 29. Rb7 Nc7 30. Rb6 Re6 31. Rxe6 Nxe6 32. Kg2 Kf7 33. Kf3 Nc7 34. Ke4 Ke6 35. f4 Nd5 36. f5+ 1-0

[Event "HUN-chT2 Maroczy 1112"]
[Site "Hungary"]
[Date "2012.05.06"]
[Round "10"]
[White "Kovacs, Laszlo"]
[Black "Kral, Peter"]
[Result "1/2-1/2"]
[WhiteElo "2124"]
[BlackElo "2184"]
[PlyCount "23"]
[EventDate "2011.09.25"]
[EventType "team-tourn"]
[EventRounds "11"]
[EventCountry "HUN"]
[SourceTitle "EXT 2013"]
[Source "ChessBase"]
[SourceDate "2012.11.22"]
[SourceVersion "1"]
[SourceVersionDate "2012.11.22"]
[SourceQuality "1"]
[WhiteTeam "Hajduszoboszlo"]
[BlackTeam "Nyiregyhaza"]
[WhiteTeamCountry "HUN"]
[BlackTeamCountry "HUN"]

1. Nf3 d5 2. d4 e6 3. g3 c5 4. Bg2 Nc6 5. 0-0 Nf6 6. c4 Be7 7. Nc3 dxc4 8. Qa4 0-0 9. dxc5 Qa5 10. Qxc4 Qxc5 11. Qxc5 Bxc5 12. Bg5 1/2-1/2

[Event "HUN-chT2 Maroczy 1112"]
[Site "Hungary"]
[Date "2012.02.19"]
[Round "6"]
[White "Kovacs, Laszlo"]
[Black "Becskei, Zoltan"]
[Result "0-1"]
[WhiteElo "2092"]
[BlackElo "2208"]
[PlyCount "106"]
[EventDate "2011.09.25"]
[EventType "team-tourn"]
[EventRounds "11"]
[EventCountry "HUN"]
[SourceTitle "EXT 2013"]
[Source "ChessBase"]
[SourceDate "2012.11.22"]
[SourceVersion "1"]
[SourceVersionDate "2012.11.22"]
[SourceQuality "1"]
[WhiteTeam "Hajduszoboszlo"]
[BlackTeam "Fuezesabony"]
[WhiteTeamCountry "HUN"]
[BlackTeamCountry "HUN"]

1. Nf3 Nf6 2. g3 d5 3. Bg2 g6 4. 0-0 Bg7 5. c4 c6 6. d4 0-0 7. Nc3 Ne4 8. cxd5 Nxc3 9. bxc3 cxd5 10. e4 dxe4 11. Ng5 Nc6 12. Nxe4 Qa5 13. Bd2 Qc7 14. Rc1 Bf5 15. Qa4 Rac8 16. Rfe1 b6 17. Bf4 Qd7 18. Qa6 Na5 19. Nd2 Rfe8 20. Bf1 Be6 21. Bb5 Nc6 22. Qa4 Red8 23. Nf3 Bd5 24. Ne5 Bxe5 25. Bxe5 Qf5 26. Qd1 Bf3 27. Qd3 Qh5 28. Qe3 Nxe5 29. Qxe5 Qxe5 30. Rxe5 e6 31. Re3 Bd5 32. Ba6 Rc7 33. c4 Ba8 34. Rd1 Rc5 35. Bb5 Kg7 36. Red3 Rc7 37. d5 exd5 38. Ba6 Rc5 39. Ra3 Rc7 40. Bb5 Re7 41. Rad3 Re5 42. Kf1 Bb7 43. f4 Re6 44. cxd5 Red6 45. Bc4 Rc8 46. Rd4 Rxc4 47. Rxc4 Ba6 48. Rdc1 Rxd5 49. Ke1 Bxc4 50. Rxc4 Rc5 51. Ra4 a5 52. Ra3 Rc2 53. h3 Rh2 0-1

[Event "HUN-chT2 Barcza 1011"]
[Site "Hungary"]
[Date "2011.04.17"]
[Round "9.7"]
[White "Kovacs, Laszlo"]
[Black "Bakos, Levente"]
[Result "0-1"]
[WhiteElo "2010"]
[BlackElo "2152"]
[PlyCount "82"]
[EventDate "2010.09.12"]
[EventType "team-tourn"]
[EventRounds "11"]
[EventCountry "HUN"]
[SourceTitle "EXT 2012"]
[Source "ChessBase"]
[SourceDate "2011.11.24"]
[SourceVersion "1"]
[SourceVersionDate "2011.11.24"]
[SourceQuality "1"]
[WhiteTeam "Hajduszoboszlo"]
[BlackTeam "DEAC"]
[WhiteTeamCountry "HUN"]
[BlackTeamCountry "HUN"]

1. Nf3 Nf6 2. c4 Nc6 3. g3 e5 4. Bg2 g6 5. Nc3 d5 6. cxd5 Nxd5 7. d4 Bb4 8. Bd2 Bxc3 9. bxc3 e4 10. Ne5 Nxe5 11. dxe5 Qe7 12. Qa4+ c6 13. Qxe4 0-0 14. 0-0 Bf5 15. Qa4 Nb6 16. Qf4 Rfe8 17. e4 Be6 18. a4 Bc4 19. Rfb1 Bd3 20. Rd1 Bc2 21. Rdc1 Bxa4 22. c4 c5 23. Bc3 Bc6 24. h4 Nxc4 25. e6 Qxe6 26. Qh6 f6 27. f4 Ne3 28. f5 Ng4 29. fxe6 Nxh6 30. Bxf6 Rxe6 31. Bg5 Nf7 32. Rxc5 Nxg5 33. Rxg5 Bxe4 34. Bxe4 Rxe4 35. h5 Kg7 36. hxg6 hxg6 37. Rc1 Rae8 38. Rc7+ R8e7 39. Rc8 Re2 40. Rd5 Rb2 41. Rd1 b5 0-1

[Event "HUN-chT2 Barcza 1011"]
[Site "Hungary"]
[Date "2010.10.10"]
[Round "3.7"]
[White "Toth, Laszlo"]
[Black "Kovacs, Laszlo"]
[Result "1/2-1/2"]
[WhiteElo "1986"]
[BlackElo "2010"]
[PlyCount "62"]
[EventDate "2010.09.12"]
[EventType "team-tourn"]
[EventRounds "11"]
[EventCountry "HUN"]
[SourceTitle "EXT 2012"]
[Source "ChessBase"]
[SourceDate "2011.11.24"]
[SourceVersion "1"]
[SourceVersionDate "2011.11.24"]
[SourceQuality "1"]
[WhiteTeam "Mezokovesd"]
[BlackTeam "Hajduszoboszlo"]
[WhiteTeamCountry "HUN"]
[BlackTeamCountry "HUN"]

1. d4 Nf6 2. Nf3 c5 3. d5 b5 4. b3 g6 5. Bb2 d6 6. e4 a6 7. a4 bxa4 8. Rxa4 Bd7 9. Ra3 Bg7 10. Nbd2 0-0 11. Qa1 a5 12. Bd3 a4 13. 0-0 Na6 14. bxa4 Nb4 15. Nc4 Ra7 16. Nfd2 Qc7 17. h3 Rb8 18. Bc3 Qb7 19. Nxd6 Qa8 20. N6c4 Rxa4 21. Rxa4 Qxa4 22. Qxa4 Bxa4 23. Bxb4 Rxb4 24. Rb1 Rxb1+ 25. Nxb1 Nd7 26. Nbd2 Bc3 27. Kf1 Ne5 28. Nxe5 Bxe5 29. Nc4 Bd4 30. d6 exd6 31. Nxd6 Bc6 1/2-1/2

[Event "HUN-chT2 Toth 0910"]
[Site "Hungary"]
[Date "2010.02.28"]
[Round "7.2"]
[White "Kovacs, Laszlo"]
[Black "Pacal, Mihaly"]
[Result "0-1"]
[WhiteElo "2151"]
[BlackElo "2160"]
[PlyCount "62"]
[EventDate "2009.11.08"]
[EventType "team-tourn"]
[EventRounds "11"]
[EventCountry "HUN"]
[SourceTitle "EXT 2011"]
[Source "ChessBase"]
[SourceDate "2010.11.26"]
[SourceVersion "1"]
[SourceVersionDate "2010.11.26"]
[SourceQuality "1"]
[WhiteTeam "Mezobereny"]
[BlackTeam "Roszke"]
[WhiteTeamCountry "HUN"]
[BlackTeamCountry "HUN"]

1. d4 c5 2. e3 Nf6 3. Nd2 e6 4. Ngf3 Be7 5. Bd3 b6 6. c4 Bb7 7. b3 d6 8. Bb2 Na6 9. a3 Nc7 10. Rc1 Rb8 11. Qe2 a6 12. 0-0 0-0 13. Rfd1 Nce8 14. e4 cxd4 15. Nxd4 Nd7 16. N2f3 Bf6 17. Bb1 Qe7 18. b4 Rc8 19. Qd3 Ne5 20. Nxe5 Bxe5 21. Rc2 g6 22. Re2 Bg7 23. Ba2 Nf6 24. f3 Rfd8 25. Qe3 Nd7 26. Rc2 Re8 27. Kf2 Qh4+ 28. Kg1 d5 29. Ne2 Bxb2 30. Rxb2 dxe4 31. Rxd7 Qe1# 0-1

[Event "HUN-chT2 Toth 0910"]
[Site "Hungary"]
[Date "2010.02.14"]
[Round "6.2"]
[White "Puha, Peter"]
[Black "Kovacs, Laszlo"]
[Result "0-1"]
[WhiteElo "2015"]
[BlackElo "2151"]
[PlyCount "56"]
[EventDate "2009.11.08"]
[EventType "team-tourn"]
[EventRounds "11"]
[EventCountry "HUN"]
[SourceTitle "EXT 2011"]
[Source "ChessBase"]
[SourceDate "2010.11.26"]
[SourceVersion "1"]
[SourceVersionDate "2010.11.26"]
[SourceQuality "1"]
[WhiteTeam "Karcag"]
[BlackTeam "Mezobereny"]
[WhiteTeamCountry "HUN"]
[BlackTeamCountry "HUN"]

1. e4 c6 2. d4 d5 3. exd5 cxd5 4. c4 e6 5. Nc3 Nf6 6. Nf3 Be7 7. Bf4 0-0 8. c5 Nc6 9. Nb5 Qa5+ 10. Bd2 Qd8 11. Bf4 Ne4 12. Bc7 Qd7 13. Ne5 Nxe5 14. Bxe5 f6 15. Bg3 e5 16. dxe5 Bxc5 17. Bd3 Bb4+ 18. Kf1 fxe5 19. Bxe4 Qxb5+ 20. Bd3 Qc6 21. Rc1 Qe6 22. Qh5 e4 23. Be2 Bd7 24. Rd1 Rf5 25. Qh3 Raf8 26. Bg4 Rxf2+ 27. Bxf2 Qxg4 28. Rxd5 Bb5+ 0-1

[Event "HUN-chT2 Barcza 0910"]
[Site "Hungary"]
[Date "2010.01.31"]
[Round "5.5"]
[White "Kovacs, Laszlo"]
[Black "Hidegh, Gabor"]
[Result "1/2-1/2"]
[WhiteElo "2106"]
[BlackElo "2143"]
[PlyCount "63"]
[EventDate "2009.11.08"]
[EventType "team-tourn"]
[EventRounds "11"]
[EventCountry "HUN"]
[SourceTitle "EXT 2011"]
[Source "ChessBase"]
[SourceDate "2010.11.26"]
[SourceVersion "1"]
[SourceVersionDate "2010.11.26"]
[SourceQuality "1"]
[WhiteTeam "HSSE"]
[BlackTeam "DEAC"]
[WhiteTeamCountry "HUN"]
[BlackTeamCountry "HUN"]

1. Nf3 c5 2. c4 Nc6 3. d4 cxd4 4. Nxd4 Nf6 5. Nc3 e6 6. a3 Bc5 7. Nb3 Be7 8. e4 0-0 9. Be2 a5 10. 0-0 a4 11. Nd4 d5 12. exd5 exd5 13. cxd5 Nxd5 14. Nxd5 Qxd5 15. Nb5 Qe5 16. Be3 Rd8 17. Qc2 Bf5 18. Qc3 Bf6 19. Rad1 Qe7 20. Rxd8+ Rxd8 21. Qc4 Qe4 22. Qc5 Bxb2 23. Nd6 Rxd6 24. Qxd6 h6 25. Bf3 Qc2 26. Bxc6 bxc6 27. Bc5 Be4 28. Bb4 Bd5 29. Re1 Bd4 30. Qg3 c5 31. Ba5 Qb3 32. Bc7 1/2-1/2

[Event "Eger Agria op"]
[Site "Eger"]
[Date "2009.07.26"]
[Round "7"]
[White "Istvanovszky, Martin"]
[Black "Kovacs, Laszlo"]
[Result "1-0"]
[WhiteElo "2161"]
[BlackElo "2104"]
[PlyCount "47"]
[EventDate "2009.07.22"]
[EventType "swiss"]
[EventRounds "7"]
[EventCountry "HUN"]
[SourceTitle "EXT 2011"]
[Source "ChessBase"]
[SourceDate "2010.11.26"]
[SourceVersion "1"]
[SourceVersionDate "2010.11.26"]
[SourceQuality "1"]

1. e4 c5 2. Nf3 Nc6 3. d4 cxd4 4. Nxd4 g6 5. Nc3 Bg7 6. Be3 d6 7. Qd2 Nf6 8. f3 0-0 9. Bc4 Bd7 10. h4 Rc8 11. Bb3 Ne5 12. h5 Nc4 13. Bxc4 Rxc4 14. Nde2 Qa5 15. Bh6 e6 16. Bxg7 Kxg7 17. g4 g5 18. h6+ Kg8 19. Qxd6 Qc7 20. Qe7 Qe5 21. 0-0-0 Bc6 22. f4 gxf4 23. Rh5 Nxh5 24. Rd8 1-0